| 000 | 00667nam a22002177a 4500 | ||
|---|---|---|---|
| 999 |
_c8944 _d8944 |
||
| 003 | AR-CdUCM | ||
| 008 | 190327b ||||| |||| 00| 0 spa d | ||
| 020 | _a978-84.8374-929-6 | ||
| 040 |
_aMUNICIPALIDAD PROVINCIAL DEL CUSCO _cBIBLIOTECA MUNICIPAL DEL CUSCO |
||
| 082 |
_a863 / _bP78 |
||
| 100 |
_aPortocarrero, Elena _912206 |
||
| 245 | _aEl arenal, la carretera y la biblioteca de Alejandría / | ||
| 260 |
_aEspaña : _bHuerga y Fierro editores, _c2011. |
||
| 300 |
_a164 páginas ; _c21 cm. |
||
| 505 | _aContenido: Narrativa. | ||
| 650 |
_aNarrativa _967 |
||
| 650 |
_aEspaña _9176 |
||
| 650 |
_aAlejandría _924834 |
||
| 942 |
_2ddc _cLIBROS |
||
| 945 | _adavv | ||